ANTIBODY PRODUCTION AGAINST BLV-p24 IN CALVES FOLLOWING APPLICATION OF CELL EXTRACTS FROM TUMOROUS LYMPH NODES OF CATTLE WITH ENZOOTIC BOVINE LEUKOSIS

Bibliographic Details
Main Authors: Ristau, E. (Author), Burkardt, H. (Author), Starick, E. (Author), Wittmann, W. (Author)
Format: Article
Language:English

MARC

LEADER 00000nab a2200000uu 4500
001 vtls011455509
003 SK-MaSNL
005 20260303151451.0
008 230222|1988 xo |||||||||||||||||eng|
015 |a SNBRB 
035 |a (urnnbn)urn:nbn:sk:snk:ar-a07s5p 
035 |a (uuid)d0877b44-8f37-434f-8b62-d0ff38bac936 
035 |a urn:nbn:sk:snk-abcqjg 
040 |a SNKBUCL  |b slo  |c SNKBUCL  |e AACR2 
041 0 |a eng 
044 |a xo  |c SK 
100 1 |a Ristau, E.  |4 aut  |9 945120 
245 1 0 |a ANTIBODY PRODUCTION AGAINST BLV-p24 IN CALVES FOLLOWING APPLICATION OF CELL EXTRACTS FROM TUMOROUS LYMPH NODES OF CATTLE WITH ENZOOTIC BOVINE LEUKOSIS  |c E. Ristau, E. Starick, H. Burkardt, W. Wittmann 
700 1 |a Burkardt, H.  |4 aut  |9 959783 
700 1 |a Starick, E.  |4 aut  |9 959782 
700 1 |a Wittmann, W.  |4 aut  |9 1171079 
773 0 |t Acta virologica  |g Roč. 32, č. 2 (1988), s. 104-108 
958 |a OND 
958 |a EUIPO 
958 |a article16 
999 |c 2017813  |d 2019743